000 00304nam a22001217a 4500
008 180427b xxu||||| |||| 00| 0 eng d
041 _aeng
080 _a043.3
100 _a0
101 _aMBE-BTH
245 _aFaktorët përcaktuess të ndërmarrësisë dhe inovacionit
_cXhemaili,M
942 _2udc
_cBK
999 _c45638
_d45638